| 000 | 00753cab a2200241 4500 | ||
|---|---|---|---|
| 001 | WB3129-43 | ||
| 008 | 090401t1995 xxu||||| |||| 00| 0 eng d | ||
| 035 | _a(Sirsi) u41049 | ||
| 041 | _aeng | ||
| 245 | _aBCDC earns £6m from land sales | ||
| 260 | _c1995 | ||
| 350 | _a0 | ||
| 490 |
_aBirmingham Post _v24 July 1995, 7(1) |
||
| 520 | _aThe Black Country Development Corporation (BCDC) has sold £6m worth of land in the first six months of 1995 and has helped to generate 900 new jobs. | ||
| 650 | _aBLACK COUNTRY DEVELOPMENT CORPORATION | ||
| 650 | _aDISPOSAL PROGRAMME | ||
| 650 | _aLAND SALES | ||
| 650 | _aSURPLUS LAND | ||
| 650 | _aURBAN DEVELOPMENT CORPORATIONS | ||
| 690 | _aURBAN RENEWAL | ||
| 942 | _n0 | ||
| 948 | _c04/03/1997 | ||
| 999 |
_c26347 _d26347 |
||